000 00335nam a22001457a 4500
008 230221b ||||| |||| 00| 0 eng d
020 _a0935989722
041 _aeng
080 _a610.73
082 _a610.73BET
100 _a4
101 _aINF
245 _aTHE RIGHT STUFF FOR CHLIDREN BIRTH TO 8
_cBRONSON.B.M
942 _2udc
_cBK
999 _c59356
_d59356